000 00672nam a22001817a 4500
005 20150415142511.0
010 _aENG-112808
020 _c550.00
_a9788183640978
035 _aEN-96340
037 _bDBAD/PUB
100 _aBasar, Jumyir
245 _aIndigenous knowledge and resource management :
_c by Jumyir Basar
_bPerspectives of a tribe in Northeast India /
260 _aDelhi
_bShipra Publication
_c2014
270 _aH.O.: LG 18-19, Pankaj Central Market, Patparganj,
_bDelhi
_e110092
_k91-11-22235152, 22236152
_mwww.shiprapublications.com
300 _a158p.:
_c22cm(Hb)
_bill.
500 _aIncludes bibliographical references and index
942 _2ddc
_cEN
_mBAS
999 _c92962
_d92962